[Event "Pardubice Open A"]
[Site "?"]
[Date "2015.07.31"]
[Round "8.41"]
[White "SMOLKOV, Igor"]
[Black "CHERNYSHOV, Konstantin"]
[Result "1-0"]
[WhiteElo "2328"]
[BlackElo "2529"]
[PlyCount "209"]
[EventDate "2015.??.??"]

1. e4 c6 2. d4 d5 3. Nd2 Qb6 4. c3 dxe4 5. Nxe4 Nd7 6. Bc4 e6 7. Qe2 Ndf6 8.
Ng3 Nd5 9. Nf3 Ngf6 10. O-O Be7 11. Bb3 O-O 12. c4 Nc7 13. Bf4 Nce8 14. Rad1
Bd7 15. Ne5 Qa6 16. Rd3 Rd8 17. Rfd1 Bc8 18. Bg5 Qb6 19. Bc2 Qc7 20. Bc1 b6 21.
Ne4 c5 22. Nxf6+ Nxf6 23. Rh3 g6 24. Bf4 Qb7 25. Rhd3 Rxd4 26. Rxd4 cxd4 27.
Rxd4 Rd8 28. Rxd8+ Bxd8 29. Qd2 Be7 30. b4 Nh5 31. Be3 Qc7 32. Qd4 Bxb4 33. Ng4
e5 34. Qxe5 Qxe5 35. Nxe5 Bb7 36. f3 Ng7 37. Nd3 Bc3 38. c5 Nf5 39. Kf2 Nxe3
40. Kxe3 b5 41. Nf4 Bb4 42. Kd4 Kf8 43. Be4 Bc8 44. Kd5 Ke7 45. Nd3 Bd2 46. Kc6
b4 47. Bd5 h5 48. h3 h4 49. Kb5 a5 50. Ne5 Bf5 51. Nc6+ Kd7 52. Nxa5 f6 53. Nb3
Be1 54. Nd4 Kc7 55. Kc4 Bb1 56. Kb3 Bd3 57. Bc4 Bf5 58. Bd5 Bd3 59. f4 Bf2 60.
Ne6+ Kd7 61. Kxb4 Bf5 62. Ng7 Bd3 63. Kc3 Bf1 64. Ne6 Be1+ 65. Kc2 Bf2 66. Nf8+
Kc7 67. Nxg6 Bxc5 68. Nxh4 Be3 69. Ng6 Kd6 70. Be4 f5 71. Bxf5 Bxg2 72. h4 Bf3
73. Ne5 Bd5 74. a4 Bxf4 75. Ng6 Bh6 76. a5 Kc5 77. a6 Kb6 78. Bd3 Be6 79. Ne5
Bf4 80. Ng6 Bh6 81. Kc3 Bg7+ 82. Kd2 Bh6+ 83. Ke2 Bg4+ 84. Kf2 Bh5 85. Ne7 Bg4
86. Kg3 Be6 87. Kf3 Bd2 88. Ke4 Bg4 89. Ke5 Bd7 90. h5 Bg4 91. Nd5+ Ka7 92. Nf6
Bc3+ 93. Kf4 Bd1 94. Ng4 Bd2+ 95. Kf5 Bf3 96. Nf6 Bg2 97. Kg6 Bh3 98. Ne4 Be3
99. Ng5 Bd7 100. h6 Be8+ 101. Kf6 Bd4+ 102. Ke7 Bc6 103. h7 Bg2 104. Ne6 Bb2
105. Kf8 1-0

[Event "Pardubice Open A"]
[Site "?"]
[Date "2015.07.31"]
[Round "8.42"]
[White "SYLVAN, Jacob"]
[Black "NAKAR, Eylon"]
[Result "1/2-1/2"]
[WhiteElo "2320"]
[BlackElo "2479"]
[PlyCount "26"]
[EventDate "2015.??.??"]

1. e4 c5 2. Nf3 d6 3. d4 cxd4 4. Nxd4 Nf6 5. Nc3 e6 6. g4 h6 7. h4 Nc6 8. Rg1
d5 9. Bb5 Bd7 10. exd5 Nxd5 11. Nxd5 exd5 12. Be3 Be7 13. Qd2 Bxh4 1/2-1/2

[Event "Pardubice Open A"]
[Site "?"]
[Date "2015.07.31"]
[Round "8.43"]
[White "MAMMADZADA, Gunay"]
[Black "BRYZGALIN, Kirill"]
[Result "1/2-1/2"]
[WhiteElo "2320"]
[BlackElo "2459"]
[PlyCount "40"]
[EventDate "2015.??.??"]

1. e4 e5 2. Nf3 Nc6 3. Bb5 a6 4. Ba4 Nge7 5. c3 g6 6. O-O Bg7 7. d4 exd4 8.
cxd4 b5 9. Bb3 O-O 10. Nc3 d6 11. Nd5 h6 12. Nxe7+ Nxe7 13. Be3 Kh7 14. Qe2 f5
15. e5 Bb7 16. Rac1 Nd5 17. Bd2 Rc8 18. a4 Qd7 19. axb5 axb5 20. Rfe1 c5
1/2-1/2

[Event "Pardubice Open A"]
[Site "?"]
[Date "2015.07.31"]
[Round "8.44"]
[White "MALAKHOV, Igor"]
[Black "MAREK, Matyas"]
[Result "1/2-1/2"]
[WhiteElo "2440"]
[BlackElo "2326"]
[PlyCount "80"]
[EventDate "2015.??.??"]

1. e4 c5 2. Nf3 d6 3. d4 Nf6 4. Nc3 cxd4 5. Nxd4 a6 6. f4 e5 7. Nf3 Nbd7 8. a4
b6 9. Bc4 Be7 10. O-O O-O 11. Qe2 Bb7 12. Kh1 Qc7 13. fxe5 dxe5 14. Bg5 Bb4 15.
Nd5 Nxd5 16. exd5 Bd6 17. Rad1 Rac8 18. Bxa6 Bxa6 19. Qxa6 Qc4 20. Qxc4 Rxc4
21. Nd2 Rxc2 22. b3 f6 23. Be3 Bc5 24. Bg1 Rc8 25. Nc4 Kf8 26. Rc1 Rxc1 27.
Rxc1 Bxg1 28. Kxg1 Ke7 29. Kf1 Rc5 30. b4 Rc8 31. Ke2 b5 32. axb5 Nb6 33. Kd3
Nxd5 34. Ra1 Nxb4+ 35. Kc3 Nd5+ 36. Kb3 Rb8 37. Ra7+ Ke6 38. Ra6+ Ke7 39. Ra7+
Ke6 40. Ra6+ Ke7 1/2-1/2

[Event "Pardubice Open A"]
[Site "?"]
[Date "2015.07.31"]
[Round "8.45"]
[White "KELLER, Peter"]
[Black "KOBO, Ori"]
[Result "1/2-1/2"]
[WhiteElo "2319"]
[BlackElo "2422"]
[PlyCount "78"]
[EventDate "2015.??.??"]

1. e4 c5 2. Nf3 d6 3. d4 cxd4 4. Nxd4 Nf6 5. Nc3 a6 6. g3 g6 7. Bg2 Bg7 8. h3
Nbd7 9. O-O O-O 10. a4 Qc7 11. Re1 e5 12. Nde2 b6 13. Nd5 Nxd5 14. Qxd5 Bb7 15.
Qd1 f5 16. Nc3 Nf6 17. exf5 Bxg2 18. Kxg2 gxf5 19. Bg5 Kh8 20. Bxf6 Bxf6 21.
Nd5 Qc6 22. f3 Bg5 23. Qd3 Rg8 24. Kh2 Rae8 25. c4 Bd8 26. Re2 Qd7 27. Qc3 Qg7
28. Rg1 Re6 29. Qd3 Rg6 30. f4 Bf6 31. Nxf6 Qxf6 32. Qc3 Re8 33. Rge1 Qg7 34.
fxe5 Rge6 35. Qd3 Rxe5 36. Rxe5 Rxe5 37. Qxd6 Rxe1 38. Qd8+ Qg8 39. Qf6+ Qg7
1/2-1/2

[Event "Pardubice Open A"]
[Site "?"]
[Date "2015.07.31"]
[Round "8.47"]
[White "LOKANDER, Martin"]
[Black "VAFIADIS, Kleanthis"]
[Result "1-0"]
[WhiteElo "2403"]
[BlackElo "2301"]
[PlyCount "157"]
[EventDate "2015.??.??"]

1. d4 d6 2. Nf3 Nf6 3. c4 Nc6 4. Nc3 e5 5. d5 Ne7 6. e4 g6 7. Be2 Bg7 8. b4 Nh5
9. g3 O-O 10. Nd2 a5 11. Ba3 axb4 12. Bxb4 c5 13. dxc6 Nxc6 14. a3 Bh3 15. Nd5
f5 16. exf5 Rxf5 17. Rg1 Nxb4 18. axb4 Rxa1 19. Qxa1 e4 20. Qa7 Rf7 21. g4 b6
22. Qa3 Bd4 23. Nxe4 Nf4 24. Nxf4 Rxf4 25. Qd3 Qe7 26. Bf3 h5 27. Qxd4 Rxf3 28.
Qd5+ Kh8 29. Qd4+ Kg8 30. Qd5+ Kh8 31. Kd2 Bxg4 32. Ra1 Qg7 33. Ra8+ Rf8 34.
Rxf8+ Qxf8 35. Qxd6 Qf3 36. Qd4+ Kg8 37. Nf6+ Kf8 38. Qd8+ Kf7 39. Nxg4 Qxg4
40. Qd5+ Kg7 41. Qb7+ Kh6 42. Qxb6 Qxc4 43. b5 Qd5+ 44. Kc3 Qe5+ 45. Kc4 Qe2+
46. Kd5 Qd3+ 47. Kc6 Qe4+ 48. Kd7 Qd5+ 49. Kc8 Qf5+ 50. Kb7 Qd5+ 51. Ka7 Qa2+
52. Qa6 Qf7+ 53. Qb7 Qa2+ 54. Kb8 Qxf2 55. b6 Qf8+ 56. Qc8 Qd6+ 57. Qc7 Qf8+
58. Ka7 Qa3+ 59. Kb7 Qf3+ 60. Qc6 Qf7+ 61. Ka8 Qf8+ 62. Ka7 Qa3+ 63. Kb7 Qe7+
64. Kc8 Qf8+ 65. Kc7 Qe7+ 66. Qd7 Qc5+ 67. Kb7 Qb4 68. Qe6 Qc5 69. h4 Qf2 70.
Ka7 Qxh4 71. Qe3+ Kh7 72. b7 Qa4+ 73. Kb8 Qd7 74. Qe5 Kh6 75. Qf4+ g5 76. Qf6+
Kh7 77. Ka7 h4 78. Kb6 Qe8 79. Kc7 1-0

[Event "Pardubice Open A"]
[Site "?"]
[Date "2015.07.31"]
[Round "8.48"]
[White "POPOV, Mikhail"]
[Black "KRAUS, Tomas"]
[Result "1-0"]
[WhiteElo "2308"]
[BlackElo "2399"]
[PlyCount "53"]
[EventDate "2015.??.??"]

1. b3 e5 2. Bb2 Nc6 3. e3 Nf6 4. Bb5 Bd6 5. Na3 Na5 6. Be2 a6 7. c4 O-O 8. Nh3
Re8 9. O-O Nc6 10. f4 exf4 11. Nxf4 Be5 12. d4 Bxf4 13. Rxf4 d5 14. Nc2 Ne7 15.
Rxf6 gxf6 16. Bd3 Bf5 17. Bxf5 Nxf5 18. Qf3 Nh4 19. Qh5 Ng6 20. Rf1 Re4 21.
cxd5 Ne7 22. Rf3 Qxd5 23. Rg3+ Kh8 24. Qh6 Ng6 25. Rh3 Nf8 26. Rh5 Qd6 27. Ba3
1-0

[Event "Pardubice Open A"]
[Site "?"]
[Date "2015.07.31"]
[Round "8.49"]
[White "MALEK, Daniel"]
[Black "TOMAZINI, Aljosa"]
[Result "1-0"]
[WhiteElo "2398"]
[BlackElo "2309"]
[PlyCount "157"]
[EventDate "2015.??.??"]

1. d4 Nf6 2. c4 g6 3. Nc3 d5 4. Bf4 Bg7 5. e3 O-O 6. Rc1 Be6 7. c5 Bg4 8. Qb3
Bc8 9. Nf3 c6 10. Be2 Nfd7 11. h3 e5 12. Bh2 Kh8 13. O-O f5 14. Qc2 Qe7 15. b4
g5 16. dxe5 Nxe5 17. Nd4 g4 18. hxg4 fxg4 19. e4 dxe4 20. Nxe4 Bf5 21. Nxf5
Rxf5 22. Nd6 Rh5 23. Nf5 Qf6 24. Ng3 Rh4 25. Rfd1 Nbd7 26. Rd6 Qf4 27. Rcd1 Rf8
28. Bd3 Nxd3 29. R6xd3 Ne5 30. Rd8 Ng6 31. Qf5 Qh6 32. Nf1 g3 33. fxg3 Rxb4 34.
g4 Qh4 35. Rxf8+ Nxf8 36. Ne3 Qe7 37. Bf4 Re4 38. Bd6 Qe8 39. Nf1 Ng6 40. Ng3
Re1+ 41. Rxe1 Qxe1+ 42. Kh2 Qe8 43. Nh5 Bd4 44. Kh3 Qd8 45. g3 Qe8 46. g5 Kg8
47. Qg4 Bg7 48. a4 Qf7 49. Nf4 Ne7 50. Qe6 Qxe6+ 51. Nxe6 Nc8 52. Nd8 b5 53.
cxb6 axb6 54. Bc7 c5 55. Kg4 Bb2 56. Kf5 c4 57. Ke4 Kg7 58. Ne6+ Kg6 59. Bf4
Na7 60. Kd5 c3 61. Nd4 b5 62. a5 b4 63. Kc4 Ba3 64. a6 Kf7 65. Kb3 Ke7 66. Nc2
Kd7 67. Nxa3 bxa3 68. Be3 Nb5 69. a7 Nc7 70. Kxa3 Ke6 71. Kb3 Kf5 72. Bf4 Na8
73. Kxc3 Ke6 74. Kd4 Kd7 75. Ke5 Ke7 76. Be3 Nc7 77. Bc5+ Kf7 78. Kd6 Nb5+ 79.
Kc6 1-0

[Event "Pardubice Open A"]
[Site "?"]
[Date "2015.07.31"]
[Round "8.50"]
[White "JEDLICKA, Ales"]
[Black "BEN ARTZI, Ido"]
[Result "0-1"]
[WhiteElo "2299"]
[BlackElo "2397"]
[PlyCount "74"]
[EventDate "2015.??.??"]

1. d4 d6 2. Nf3 g6 3. c4 Bg7 4. e4 Bg4 5. Be2 Nc6 6. d5 Bxf3 7. Bxf3 Nd4 8. O-O
c5 9. Nc3 Nf6 10. Be3 Nd7 11. Rc1 O-O 12. Be2 a6 13. Qd2 Qa5 14. f4 b5 15. b3
Nxe2+ 16. Nxe2 Qxd2 17. Bxd2 bxc4 18. bxc4 Rab8 19. Rc2 Rb7 20. Kf2 Rfb8 21.
Ke3 Rb1 22. Rxb1 Rxb1 23. Ba5 Bf6 24. g3 g5 25. Kf3 Rd1 26. Nc1 h5 27. Nb3 gxf4
28. gxf4 Rd3+ 29. Kg2 Re3 30. Kf2 Bd4 31. Nxd4 cxd4 32. Re2 Ra3 33. Bc7 Nc5 34.
e5 d3 35. Rb2 Ne4+ 36. Ke1 d2+ 37. Kd1 Rd3 0-1

[Event "Pardubice Open A"]
[Site "?"]
[Date "2015.07.31"]
[Round "8.51"]
[White "HANSEN, Mads"]
[Black "JASNY, Stanislav"]
[Result "1/2-1/2"]
[WhiteElo "2296"]
[BlackElo "2395"]
[PlyCount "96"]
[EventDate "2015.??.??"]

1. e4 c5 2. Nf3 Nc6 3. d4 cxd4 4. Nxd4 g6 5. c4 Nf6 6. Nc3 d6 7. Be2 Nxd4 8.
Qxd4 Bg7 9. O-O O-O 10. Bg5 h6 11. Bh4 g5 12. Bg3 Nh5 13. Qd2 Nxg3 14. hxg3 Qa5
15. Rab1 Qe5 16. Bd3 g4 17. Nd5 Bd7 18. b4 e6 19. Ne3 h5 20. Rfd1 Bc6 21. b5
Bxe4 22. Bxe4 Qxe4 23. Qxd6 Bh6 24. Nd5 Bg5 25. Re1 Qf5 26. Qe5 Qg6 27. Nf4
Bxf4 28. Qxf4 Rac8 29. Rbd1 Rc5 30. Re5 Rxe5 31. Qxe5 b6 32. Rd7 Ra8 33. c5
bxc5 34. Qxc5 Kg7 35. a4 Qb1+ 36. Kh2 Qf5 37. Qxf5 exf5 38. Kg1 a6 39. b6 a5
40. Rd5 Rb8 41. Rxf5 Rxb6 42. Rxh5 Rb1+ 43. Kh2 Kg6 44. Rxa5 Rb2 45. Ra6+ f6
46. a5 Rxf2 47. Rb6 Ra2 48. a6 Ra1 1/2-1/2

[Event "Pardubice Open A"]
[Site "?"]
[Date "2015.07.31"]
[Round "8.52"]
[White "CERVENY, Martin"]
[Black "RIETZE, Clemens"]
[Result "1-0"]
[WhiteElo "2394"]
[BlackElo "2289"]
[PlyCount "95"]
[EventDate "2015.??.??"]

1. d4 Nf6 2. Nf3 g6 3. c4 Bg7 4. Nc3 d5 5. cxd5 Nxd5 6. e4 Nxc3 7. bxc3 O-O 8.
Be2 b6 9. O-O Bb7 10. Qd3 Nc6 11. Bg5 Na5 12. Qe3 Re8 13. Bh6 Bh8 14. Ng5 e5
15. d5 Bc8 16. f4 f6 17. fxe5 Rxe5 18. Nf3 Re8 19. Rad1 Nb7 20. e5 Nd6 21. e6
Nf5 22. Qc1 Nxh6 23. Qxh6 a6 24. Ng5 Qe7 25. Bd3 Bb7 26. Bxg6 hxg6 27. Qxg6+
Qg7 28. Qf7+ Qxf7 29. exf7+ Kg7 30. fxe8=Q Rxe8 31. Ne6+ Kg6 32. Rde1 Rc8 33.
g4 Kf7 34. c4 b5 35. Nc5 Ba8 36. Rf5 bxc4 37. Rc1 Rd8 38. Ne6 Rg8 39. Rxc4 Bxd5
40. Rxd5 Kxe6 41. Ra5 f5 42. Rxf5 Rxg4+ 43. Rxg4 Kxf5 44. Ra4 c5 45. Rxa6 Ke4
46. Kf1 Kd3 47. Ke1 c4 48. Kd1 1-0

[Event "Pardubice Open A"]
[Site "?"]
[Date "2015.07.31"]
[Round "8.53"]
[White "MACHAN, Jan"]
[Black "CAMARENA GIMENEZ, Rufino"]
[Result "0-1"]
[WhiteElo "2286"]
[BlackElo "2378"]
[PlyCount "94"]
[EventDate "2015.??.??"]

1. d4 Nf6 2. Nf3 g6 3. g3 Bg7 4. Bg2 O-O 5. O-O d6 6. c4 Nbd7 7. Nc3 e5 8. dxe5
dxe5 9. h3 c6 10. Be3 Qe7 11. Qb3 Ne8 12. Rad1 Nc7 13. Ne4 Ne6 14. Nd6 Ndc5 15.
Qa3 Na6 16. c5 f5 17. b4 Nac7 18. Qb3 Kh8 19. h4 Nd5 20. Bc1 e4 21. Ng5 h6 22.
Nxc8 Raxc8 23. Nxe6 Qxe6 24. Bb2 Rcd8 25. Bxg7+ Kxg7 26. Rd4 Nf4 27. Qxe6 Nxe6
28. Rdd1 Nd4 29. e3 Ne2+ 30. Kh2 Nc3 31. Ra1 Rd2 32. a3 Rfd8 33. Rfc1 Na2 34.
Rf1 R8d3 35. g4 Rxa3 36. h5 fxg4 37. hxg6 Kxg6 38. Bxe4+ Kg5 39. b5 Rxe3 40.
bxc6 bxc6 41. Bxc6 Rc3 42. Bd5 Nb4 43. Bg2 Rxc5 44. Rxa7 Nd3 45. Rg7+ Kh4 46.
Rf7 Rxf2 47. R1xf2 Nxf2 0-1

[Event "Pardubice Open A"]
[Site "?"]
[Date "2015.07.31"]
[Round "8.54"]
[White "GHENG, Josef"]
[Black "GIANNOULAKIS, Labros"]
[Result "0-1"]
[WhiteElo "2376"]
[BlackElo "2283"]
[PlyCount "114"]
[EventDate "2015.??.??"]

1. e4 c5 2. Nf3 d6 3. d4 Nf6 4. Nc3 cxd4 5. Nxd4 a6 6. Bg5 e6 7. Qd2 Be7 8. Be2
Qc7 9. O-O-O b5 10. a3 Bb7 11. Qe3 O-O 12. f4 Nbd7 13. h4 Nb6 14. Rh3 Rac8 15.
Bd3 Ng4 16. Qg1 Bf6 17. Bxf6 Nxf6 18. g4 Nc4 19. g5 Nh5 20. Nde2 Qa5 21. Bxc4
Rxc4 22. Rxd6 Bxe4 23. Qb6 Qxb6 24. Rxb6 Bf5 25. Rf3 Rfc8 26. Rxa6 Bg4 27. Re3
Bxe2 28. Rxe2 Nxf4 29. Rh2 b4 30. axb4 Rxb4 31. Ra4 Rxa4 32. Nxa4 f5 33. gxf6
gxf6 34. b3 e5 35. c4 Kf7 36. Kc2 Ke6 37. Rf2 f5 38. Nc3 Rd8 39. b4 Nd3 40. Rf1
Nxb4+ 41. Kb3 Nc6 42. Nd5 Rb8+ 43. Kc3 Rg8 44. Nc7+ Kd7 45. Nd5 Rg3+ 46. Kb2 f4
47. Nf6+ Ke6 48. Nxh7 Kf5 49. Ng5 e4 50. Nf7 f3 51. Ng5 Ne5 52. Kc3 e3 53. Nxf3
Rxf3 54. Re1 Ke4 55. c5 Rh3 56. Ra1 e2+ 57. Kd2 Nc4+ 0-1

[Event "Pardubice Open A"]
[Site "?"]
[Date "2015.07.31"]
[Round "8.55"]
[White "VYSKOCIL, Neklan"]
[Black "OKUN, Leonid"]
[Result "1-0"]
[WhiteElo "2370"]
[BlackElo "2277"]
[PlyCount "47"]
[EventDate "2015.??.??"]

1. d4 f5 2. e4 fxe4 3. Nc3 Nf6 4. Bg5 Nc6 5. d5 Ne5 6. Qe2 g6 7. f4 Neg4 8. h3
Nh6 9. g4 Nhg8 10. O-O-O Bg7 11. Bg2 c6 12. Bxe4 Qb6 13. d6 Kf8 14. Nf3 exd6
15. Rhe1 d5 16. Bxf6 Bxf6 17. Bxd5 cxd5 18. Qe8+ Kg7 19. Ng5 h5 20. Qf7+ Kh6
21. Re8 Qb4 22. Nge4 Bg7 23. Rxg8 Rxg8 24. g5+ 1-0

[Event "Pardubice Open A"]
[Site "?"]
[Date "2015.07.31"]
[Round "8.56"]
[White "BILGUUN, Sumiya"]
[Black "KLECKER, Tadeas"]
[Result "1-0"]
[WhiteElo "2361"]
[BlackElo "2206"]
[PlyCount "49"]
[EventDate "2015.??.??"]

1. e4 e5 2. Nf3 Nc6 3. Bc4 Bc5 4. c3 Nf6 5. d3 a6 6. O-O O-O 7. d4 Ba7 8. dxe5
Nxe4 9. b4 d6 10. Bd5 Nxf2 11. Rxf2 Bxf2+ 12. Kxf2 Nxe5 13. Bg5 Qe8 14. h3 c6
15. Bb3 Bf5 16. Qxd6 Nxf3 17. gxf3 Kh8 18. Be7 Rg8 19. Nd2 Bxh3 20. Ne4 Bf5 21.
Ng5 Bg6 22. Rh1 f6 23. Bf7 fxg5 24. Qxg6 Qxe7 25. Rxh7# 1-0

[Event "Pardubice Open A"]
[Site "?"]
[Date "2015.07.31"]
[Round "8.57"]
[White "HEINEMANN, Josefine"]
[Black "SZOTKOWSKI, Jakub"]
[Result "1-0"]
[WhiteElo "2286"]
[BlackElo "2356"]
[PlyCount "89"]
[EventDate "2015.??.??"]

1. e4 c5 2. Nf3 e6 3. d4 cxd4 4. Nxd4 Nc6 5. Nc3 Qc7 6. f4 a6 7. Be3 b5 8. Nxc6
dxc6 9. Qd2 Bb7 10. Rd1 Be7 11. Bd3 Nf6 12. e5 Ng4 13. O-O O-O-O 14. Kh1 b4 15.
Ne4 c5 16. Qe2 Nxe3 17. Qxe3 Qc6 18. b3 Rd4 19. Rde1 Kb8 20. Qg3 f5 21. exf6
gxf6 22. Rg1 f5 23. Ng5 Bxg5 24. Qxg5 Re8 25. Re3 Qc8 26. Rg3 Rdd8 27. Re1 Rg8
28. Qf6 Rxg3 29. hxg3 Bd5 30. Kg1 Ka7 31. Qe5 Qc6 32. Re2 Rg8 33. Kh2 h5 34.
Qf6 Kb6 35. Bc4 Bxc4 36. bxc4 Re8 37. Rd2 Ka5 38. Qe5 h4 39. gxh4 Rg8 40. g3
Rg6 41. Rd6 Qc8 42. a3 bxa3 43. Qc3+ Ka4 44. Qb3+ Ka5 45. Qxa3# 1-0

[Event "Pardubice Open A"]
[Site "?"]
[Date "2015.07.31"]
[Round "8.58"]
[White "CHUDINOVSKIKH, Alexander M"]
[Black "NGUYEN, Thai Dai Van"]
[Result "0-1"]
[WhiteElo "2257"]
[BlackElo "2349"]
[PlyCount "68"]
[EventDate "2015.??.??"]

1. e4 c5 2. Nc3 d6 3. g3 Nc6 4. Bg2 g6 5. d3 Bg7 6. f4 e6 7. Nf3 Nge7 8. O-O
O-O 9. Kh1 Rb8 10. a4 a6 11. g4 f5 12. gxf5 exf5 13. Re1 d5 14. Nxd5 Nxd5 15.
exd5 Qxd5 16. c3 Qd6 17. Be3 b6 18. Qb3+ Kh8 19. Rad1 Na5 20. Qa2 Bb7 21. d4 c4
22. d5 Bxd5 23. Ne5 Bxg2+ 24. Kxg2 Qe6 25. Nd7 Rfd8 26. Nxb8 Qe4+ 27. Kf2 Qc2+
28. Rd2 Rxd2+ 29. Bxd2 Qxd2+ 30. Re2 Qxf4+ 31. Kg2 Qxb8 32. Qb1 Nc6 33. Qd1 Ne5
34. Qd5 Nd3 0-1

[Event "Pardubice Open A"]
[Site "?"]
[Date "2015.07.31"]
[Round "8.59"]
[White "SORM, Daniel"]
[Black "KAROUSOS-THEODORAKIS, Nikolaos"]
[Result "1-0"]
[WhiteElo "2347"]
[BlackElo "2073"]
[PlyCount "61"]
[EventDate "2015.??.??"]

1. d4 Nf6 2. Nf3 g6 3. c4 Bg7 4. Nc3 d6 5. h3 O-O 6. Bg5 h6 7. Bf4 Nh5 8. Bh2
c5 9. d5 f5 10. e3 Nf6 11. Be2 Ne4 12. Nxe4 fxe4 13. Nd2 Bxb2 14. Rb1 Bc3 15.
O-O Bg7 16. Nxe4 Bf5 17. Bd3 Nd7 18. g4 Bxe4 19. Bxe4 Qe8 20. Qc2 Kh7 21. f3
Nf6 22. Rxb7 Nxe4 23. Qxe4 Rf7 24. Bxd6 exd6 25. Qxe8 Rxe8 26. Rxf7 Kg8 27.
Rxa7 Rxe3 28. Rb1 Bd4 29. Kh1 Re8 30. a4 g5 31. a5 1-0

[Event "Pardubice Open A"]
[Site "?"]
[Date "2015.07.31"]
[Round "8.60"]
[White "BARTOS, Jan"]
[Black "KRENSING, Jan"]
[Result "1/2-1/2"]
[WhiteElo "2240"]
[BlackElo "2344"]
[PlyCount "25"]
[EventDate "2015.??.??"]

1. d4 Nf6 2. c4 e6 3. Nf3 b6 4. g3 Bb4+ 5. Bd2 c5 6. Bxb4 cxb4 7. Bg2 Bb7 8. a3
Qe7 9. axb4 Qxb4+ 10. Nc3 O-O 11. Qa4 Qe7 12. O-O d6 13. b4 1/2-1/2

[Event "Pardubice Open A"]
[Site "?"]
[Date "2015.07.31"]
[Round "8.61"]
[White "BASHIRLI, Nail"]
[Black "TATE, Alan"]
[Result "0-1"]
[WhiteElo "2235"]
[BlackElo "2335"]
[PlyCount "140"]
[EventDate "2015.??.??"]

1. e4 e5 2. Nf3 Nc6 3. Bb5 Nf6 4. O-O Nxe4 5. Re1 Nd6 6. Nxe5 Be7 7. Bf1 Nf5 8.
Bd3 Nh4 9. Qh5 Nxe5 10. Qxe5 Kf8 11. Nc3 c6 12. b3 d5 13. Bb2 Bd6 14. Qh5 Ng6
15. g3 Qd7 16. Bxg6 fxg6 17. Qg5 Kf7 18. Nb5 h6 19. Nxd6+ Qxd6 20. Qh4 Bf5 21.
Be5 g5 22. Bxd6 gxh4 23. Re7+ Kf6 24. Rxb7 g5 25. d4 Rh7 26. Be5+ Ke6 27. Rxh7
Bxh7 28. Re1 Kd7 29. c4 dxc4 30. bxc4 Re8 31. Re3 Bg8 32. c5 hxg3 33. hxg3 a6
34. Ra3 Bc4 35. Ra4 Bb5 36. Rb4 a5 37. Rb3 Ke6 38. a4 Bxa4 39. Ra3 Bb5 40. Rxa5
h5 41. Ra7 g4 42. f3 gxf3 43. Kf2 Be2 44. Ke3 Rf8 45. Ra1 Bc4 46. Kf2 Bd5 47.
Ra7 Kf5 48. Bd6 Rg8 49. Rh7 Kg6 50. Ra7 Re8 51. Be5 Kf5 52. Ke3 Kg4 53. Kf2 Kh3
54. Rh7 Ra8 55. Rxh5+ Kg4 56. Rh4+ Kg5 57. Rf4 Ra2+ 58. Ke1 Rg2 59. Bf6+ Kg6
60. Be5 Re2+ 61. Kf1 Bc4 62. Kg1 Rg2+ 63. Kh1 Bd5 64. Rg4+ Kf5 65. Rf4+ Kg5 66.
Bf6+ Kg6 67. Bh4 f2 68. Rf6+ Kg7 69. g4 Rxg4+ 70. Kh2 Rxh4+ 0-1

[Event "Pardubice Open A"]
[Site "?"]
[Date "2015.07.31"]
[Round "8.62"]
[White "XYLOGIANNOPOULOS, Antonios"]
[Black "SREEVES, Clement"]
[Result "1/2-1/2"]
[WhiteElo "2153"]
[BlackElo "2333"]
[PlyCount "120"]
[EventDate "2015.??.??"]

1. e4 e5 2. Nf3 Nc6 3. Nc3 Nf6 4. d4 exd4 5. Nxd4 Bb4 6. Nxc6 bxc6 7. Bd3 d5 8.
exd5 cxd5 9. O-O O-O 10. h3 c6 11. Qf3 Bd6 12. Bf4 Rb8 13. b3 Rb4 14. Bxd6 Qxd6
15. Rfe1 Be6 16. Na4 Nd7 17. Qg3 Qxg3 18. fxg3 c5 19. Rac1 Rc8 20. c3 Rbb8 21.
c4 d4 22. Kf2 Rc6 23. Re2 f6 24. Be4 Rd6 25. Rce1 Kf7 26. Bxh7 Rc8 27. Nb2 Ne5
28. Be4 a5 29. Nd3 Nxd3+ 30. Bxd3 a4 31. Bg6+ Kxg6 32. Rxe6 Rxe6 33. Rxe6 axb3
34. axb3 Rb8 35. Rc6 Rxb3 36. Rxc5 Rb2+ 37. Kf3 Rb3+ 38. Kf4 d3 39. Rd5 Rc3 40.
c5 d2 41. Rxd2 Rc4+ 42. Kf3 Rxc5 43. Rd3 Rc2 44. g4 Ra2 45. h4 Rb2 46. Kg3 Ra2
47. Kh3 Ra1 48. h5+ Kh6 49. Rd8 Kh7 50. Re8 Ra3+ 51. g3 Ra2 52. g5 fxg5 53. Kg4
g6 54. hxg6+ Kxg6 55. Re6+ Kg7 56. Kxg5 Ra5+ 57. Kh4 Rb5 58. g4 Ra5 59. Rb6 Rc5
60. g5 Rc1 1/2-1/2

[Event "Pardubice Open A"]
[Site "?"]
[Date "2015.07.31"]
[Round "8.63"]
[White "BARAEVA, Irina"]
[Black "LUGOVSKOY, Maxim"]
[Result "0-1"]
[WhiteElo "2122"]
[BlackElo "2432"]
[PlyCount "116"]
[EventDate "2015.??.??"]

1. d4 Nf6 2. c4 e6 3. Nf3 d5 4. Nc3 Be7 5. Bf4 O-O 6. e3 b6 7. cxd5 Nxd5 8.
Nxd5 exd5 9. Bd3 c5 10. O-O Nc6 11. Bb5 Bb7 12. Ne5 Nxe5 13. Bxe5 f6 14. Bg3 c4
15. Ba4 Bd6 16. Rc1 a6 17. Bc2 Bxg3 18. hxg3 f5 19. Qh5 g6 20. Qh6 Qf6 21. a3
b5 22. Bd1 a5 23. Qf4 b4 24. g4 fxg4 25. Qxf6 Rxf6 26. Bxg4 Rb6 27. e4 dxe4 28.
Be2 Rd8 29. Bxc4+ Kg7 30. Rfd1 Kf6 31. axb4 Rxb4 32. b3 Bd5 33. Rc2 Rd6 34. Kf1
Rxb3 35. Re1 Bxc4+ 36. Rxc4 Rb4 37. Rc5 a4 38. Rxe4 Ra6 39. Rc2 a3 40. Ra2 Rb1+
41. Re1 Rxe1+ 42. Kxe1 Ke6 43. Kd2 Kd5 44. Kd3 h5 45. f3 g5 46. Kc3 Ra4 47. Kb3
Ra7 48. Kc3 g4 49. fxg4 hxg4 50. Kd3 Ra8 51. Ke3 Ra4 52. Kf4 Rxd4+ 53. Kg3 Ra4
54. Ra1 a2 55. Kh4 Ke5 56. g3 Kf5 57. Rf1+ Kg6 58. Ra1 Kh6 0-1

[Event "Pardubice Open A"]
[Site "?"]
[Date "2015.07.31"]
[Round "8.64"]
[White "OTT, Florian"]
[Black "GARCIA ROMAN, Daniel"]
[Result "1/2-1/2"]
[WhiteElo "2254"]
[BlackElo "2420"]
[PlyCount "83"]
[EventDate "2015.??.??"]

1. d4 Nf6 2. c4 e6 3. Nc3 Bb4 4. e3 O-O 5. Nge2 d5 6. a3 Bd6 7. Ng3 dxc4 8.
Bxc4 Nc6 9. f4 a6 10. O-O b5 11. Be2 b4 12. Nce4 Nxe4 13. Nxe4 bxa3 14. bxa3
Ne7 15. Qc2 f5 16. Nxd6 cxd6 17. Bf3 Rb8 18. Rb1 Rxb1 19. Qxb1 Bd7 20. d5 Nxd5
21. Bxd5 exd5 22. Qd3 Qa8 23. Rd1 Be6 24. Bb2 Rc8 25. Qd4 Qb7 26. Rc1 Rc5 27.
h3 Qc7 28. Rc3 h6 29. Rb3 Kh7 30. Rb8 Qf7 31. Qd3 d4 32. Bxd4 Rc1+ 33. Kh2 Bd5
34. Rb2 Be4 35. Qxa6 Qg6 36. Qe2 h5 37. Qf2 Qh6 38. Qh4 Ra1 39. Qg5 Qxg5 40.
fxg5 Rxa3 41. Kg3 Ra1 42. Rb7 1/2-1/2

[Event "Pardubice Open A"]
[Site "?"]
[Date "2015.07.31"]
[Round "8.65"]
[White "BLAHYNKA, Martin"]
[Black "VYBIRAL, Zdenek"]
[Result "0-1"]
[WhiteElo "2420"]
[BlackElo "2267"]
[PlyCount "64"]
[EventDate "2015.??.??"]

1. e4 e6 2. d4 d5 3. Nc3 Nf6 4. Bg5 Bb4 5. e5 h6 6. Bd2 Bxc3 7. bxc3 Ne4 8. Qg4
Kf8 9. Bd3 Nxd2 10. Kxd2 c5 11. Nf3 c4 12. Be2 Nc6 13. h4 Bd7 14. h5 b5 15. Qf4
Qe7 16. a3 Ke8 17. g4 Kd8 18. Rhg1 Kc7 19. g5 hxg5 20. Rxg5 Rag8 21. Qg3 Qf8
22. Nh4 a5 23. f4 b4 24. axb4 axb4 25. Rb1 Qa8 26. cxb4 Qa2 27. Qg1 Rb8 28. Nf3
Nxb4 29. Rc1 Qb2 30. Qe3 Ra8 31. Ng1 Ra3 32. Qf2 c3+ 0-1

[Event "Pardubice Open A"]
[Site "?"]
[Date "2015.07.31"]
[Round "8.66"]
[White "TSAKNAKIS, Zisis"]
[Black "PLISCHKI, Sebastian"]
[Result "0-1"]
[WhiteElo "2235"]
[BlackElo "2398"]
[PlyCount "146"]
[EventDate "2015.??.??"]

1. e4 c5 2. a3 Nc6 3. b4 Nf6 4. b5 Nd4 5. c3 Ne6 6. e5 Nd5 7. Qb3 Nec7 8. Bc4
e6 9. Nf3 d6 10. O-O dxe5 11. Nxe5 Bd6 12. d4 O-O 13. Nf3 b6 14. dxc5 Bxc5 15.
Nbd2 Nf6 16. Qc2 Bb7 17. Bd3 h6 18. c4 a6 19. bxa6 Nxa6 20. Ne4 Be7 21. Be3 Qc7
22. Rfb1 Nc5 23. Nxc5 Bxc5 24. Bxc5 Qxc5 25. Rb5 Rxa3 26. Rxa3 Qxa3 27. Rxb6
Bxf3 28. gxf3 Rc8 29. Rb3 Qa1+ 30. Qb1 Qe5 31. Qc1 Nd5 32. Rb5 Qf6 33. Be4 Nc3
34. Rb2 Nxe4 35. fxe4 Qg6+ 36. Kf1 Qxe4 37. Rc2 Rc5 38. Qe3 Rxc4 39. Rxc4 Qxc4+
40. Kg1 g5 41. Qa7 Qg4+ 42. Kf1 h5 43. Qb8+ Kh7 44. Qf8 Qf5 45. Kg2 g4 46. Qe7
Kg7 47. Kg1 Qf6 48. Qb4 Qg5 49. Qd4+ Kg8 50. Qd7 h4 51. Qc8+ Kh7 52. Qf8 Qf5
53. Qe7 h3 54. Kf1 Kg7 55. Ke1 Kg6 56. Qf8 Kh7 57. Qe7 Kg7 58. Ke2 Qe5+ 59. Kf1
Qd5 60. Ke2 Qf3+ 61. Ke1 Qf4 62. Ke2 Kg6 63. Qe8 Qxh2 64. Qg8+ Kf6 65. Qd8+ Kf5
66. Qd3+ Ke5 67. Qc3+ Kd6 68. Qb4+ Kd7 69. Qxg4 Qe5+ 70. Kf1 Qa1+ 71. Ke2 h2
72. Qf4 Qb2+ 73. Kd3 Qa3+ 0-1